000 00320nam a22001457a 4500
008 210222b ||||| |||| 00| 0 eng d
020 _a9781861002686
041 _aeng
080 _a004
082 _a004
100 _a28
101 _aSHKI
245 _aProgrammer's Reference ADO 2.1
_cSussman.D
942 _2udc
_cBK
999 _c55096
_d55096